Score 0/23 Timer 04:00
0 Plays Today
Hint Answer % Correct
PercyJackson
99.4%
SallyJackson
99.4%
AnnabethChase
98.8%
JasonGrace
97.5%
ThaliaGrace
97.5%
NicoDi Angelo
96.3%
GroverUnderwood
95.1%
LeoValdez
93.8%
PiperMcLean
93.8%
TristanMcLean
93.8%
FrankZhang
92%
GleesonHedge
90.1%
Hint Answer % Correct
GabeUgliano
88.3%
ClarisseLa Rue
88.3%
RachelDare
87%
WillSolace
86.4%
HazelLevesque
84.6%
PaulBlofis
80.9%
EthanNakamura
74.1%
NancyBobofit
71%
DrewTanaka
64.2%
KatieGardener
53.1%
ReynaRamirez-Arrellano
5.6%
Remove Ads.
Support Sporcle.
Get the best of Sporcle when you Go Orange. This ad-free experience offers more features, more stats, and more fun while also helping to support Sporcle. Thank you for becoming a member.

You're not logged in!

Compare scores with friends on all Sporcle quizzes.
OR
Log In

Sporcle TV

Today on Sporcle TV


Watch our educational content, quiz creation guides, and fun videos on Sporcle TV.

Show Comments

Extras

Top Quizzes Today


Score Distribution

Paid Content

Your Account Isn't Verified!

In order to create a playlist on Sporcle, you need to verify the email address you used during registration. Go to your Sporcle Settings to finish the process.

Report this User

Report this user for behavior that violates our Community Guidelines.

Details: